Statistics for Top 10 World Cities Through History

Click here to take the quiz!

General Stats

  • This quiz has been taken 45,949 times
    (45,902 since last reset)
  • The average score is 16 of 44

Answer Stats

Answer% Correct
London
96%
New York
95%
Paris
94%
Rome
94%
Beijing
91%
Edo
89%
Tokyo
89%
Berlin
86%
Moscow
83%
Constantinople
78%
Cairo
74%
Shanghai
67%
Chicago
52%
Alexandria
49%
St. Petersburg
49%
Baghdad
46%
Vienna
41%
Naples
35%
Manchester
32%
Kolkata
30%
Osaka
29%
Carthage
29%
Guangzhou
28%
Kyoto
26%
Philadelphia
25%
Buenos Aires
24%
Nanjing
14%
Cordova
8%
Smyrna
5%
Hangzhou
5%
Angkor
4%
Antioch
4%
Suzhou
2%
Vijayanagar
2%
Luoyang
2%
Gaur
2%
Kaifeng
2%
Seleucia
1%
Peshawar
1%
Patan
1%
Nishapur
1%
Tabriz
1%
Anuradhapura
1%
Al-Hasa
1%

Score Distribution

Percentile by Number Answered

Percent of People with Each Score

Your Score History

You have not taken this quiz since the last reset